[Event "Titled Tuesday intern op 18th Mar Late"]
[Site "Chess.com INT"]
[Date "2025.03.18"]
[Round "1"]
[White "Alonso Orta, Osiel Alberto"]
[Black "Qin, Kevin"]
[Result "0-1"]
[WhiteElo "2176"]
[BlackElo "2017"]
[PlyCount "116"]
[EventDate "2025.03.18"]
[EventType "swiss (blitz)"]
[EventRounds "11"]
[EventCountry "USA"]
[SourceTitle "CB13_2025"]
[SourceDate "2025.03.26"]
[SourceVersion "1"]
[SourceVersionDate "2025.03.26"]
[SourceQuality "1"]

1. e4 c6 2. d4 d5 3. Nc3 dxe4 4. Nxe4 Nf6 5. Nxf6+ exf6 6. Bd3 Bd6 7. Ne2 0-0 8. 0-0 Be6 9. Nf4 Nd7 10. Qh5 h6 11. Nxe6 fxe6 12. Qg6 Rf7 13. Qh7+ Kf8 14. Bg6 Ke7 15. Bxf7 Kxf7 16. Bxh6 Qh8 17. Qxh8 Rxh8 18. Be3 Bxh2+ 19. Kh1 Bd6+ 20. Kg1 f5 21. g3 Nf6 22. Kg2 Ng4 23. Rh1 Rd8 24. Rh4 Be7 25. c3 Bxh4 26. gxh4 Nxe3+ 27. fxe3 c5 28. Kf3 cxd4 29. exd4 Kf6 30. Kf4 Rh8 31. Rh1 Rh5 32. Rh3 Rh8 33. h5 g5+ 34. Kg3 Rh6 35. Rh1 e5 36. dxe5+ Kxe5 37. Re1+ Kd5 38. Rf1 Ke4 39. Re1+ Kd3 40. Re5 Rf6 41. h6 Rxh6 42. Rxf5 Rb6 43. Rxg5 Rxb2 44. Ra5 a6 45. Ra3 Kc4 46. Kf3 Rc2 47. Ke4 Rxc3 48. Ra4+ Kb5 49. Rd4 Rc4 50. Rxc4 Kxc4 51. Ke5 b5 52. Kd6 a5 53. Kc6 b4 54. Kb6 a4 55. Ka5 b3 56. Kxa4 bxa2 57. Ka5 a1Q+ 58. Kb6 Qf6+ 0-1

[Event "Titled Tuesday intern op 11th Mar Late"]
[Site "Chess.com INT"]
[Date "2025.03.11"]
[Round "2"]
[White "Alonso Orta, Osiel Alberto"]
[Black "Mottola, Max"]
[Result "0-1"]
[WhiteElo "2176"]
[BlackElo "2109"]
[PlyCount "106"]
[EventDate "2025.03.11"]
[EventType "swiss (blitz)"]
[EventRounds "11"]
[EventCountry "USA"]
[SourceTitle "CB12_2025"]
[SourceDate "2025.03.19"]
[SourceVersion "1"]
[SourceVersionDate "2025.03.19"]
[SourceQuality "1"]

1. e4 d5 2. exd5 Qxd5 3. Nc3 Qa5 4. d4 Nf6 5. Bd2 Bg4 6. Nf3 Qh5 7. Be2 Nc6 8. h3 0-0-0 9. 0-0 Bxh3 10. gxh3 Qxh3 11. Bf4 h6 12. Bg3 g5 13. d5 Nb4 14. Qd4 Nbxd5 15. Nxd5 Rxd5 16. Qxa7 Ne4 17. Qa8+ Kd7 18. Qxb7 e6 19. Qxc7+ Ke8 20. Rad1 Bd6 21. Qc6+ Ke7 22. Rxd5 exd5 23. Qxd5 Nxg3 24. Qb7+ Kf8 25. fxg3 Qxg3+ 26. Kh1 Qh3+ 27. Kg1 Kg7 28. Qd5 Qg3+ 29. Kh1 Qh3+ 30. Kg1 Bf4 31. Qd4+ Kg8 32. Qf2 Kg7 33. Qg2 Qxg2+ 34. Kxg2 Rf8 35. Nd4 Re8 36. Nf5+ Kf6 37. Bd3 Rd8 38. Kf3 Rb8 39. Rh1 Ke6 40. Rxh6+ Ke5 41. Ra6 Rxb2 42. Ra5+ Kf6 43. a4 Ra2 44. Ra6+ Ke5 45. a5 Ra1 46. Ng3 Rg1 47. Ne2 g4+ 48. Kf2 Ra1 49. Nxf4 Kxf4 50. Rf6+ Kg5 51. Rxf7 Rxa5 52. Rg7+ Kf4 53. Rf7+ Kg5 0-1

[Event "Titled Tuesday intern op 10th Sep Early"]
[Site "Chess,com INT"]
[Date "2024.09.10"]
[Round "10"]
[White "Alonso Orta, Osiel Alberto"]
[Black "Goganova, Yana"]
[Result "0-1"]
[WhiteElo "2140"]
[BlackElo "1980"]
[PlyCount "96"]
[EventDate "2024.09.10"]
[EventType "swiss (blitz)"]
[EventRounds "11"]
[EventCountry "USA"]
[SourceTitle "EXT 2025"]
[Source "ChessBase"]
[SourceDate "2024.10.14"]
[SourceVersion "1"]
[SourceVersionDate "2024.10.14"]
[SourceQuality "1"]

1. e4 e5 2. Nf3 Nc6 3. d4 exd4 4. Bc4 Nf6 5. 0-0 Nxe4 6. Nc3 Nxc3 7. bxc3 d5 8. Bd3 dxc3 9. Re1+ Be6 10. Ng5 Qd7 11. Bf5 Nd8 12. Qh5 g6 13. Bxe6 Nxe6 14. Qh3 0-0-0 15. Nxf7 Qxf7 16. Rxe6 Kb8 17. Bg5 Rc8 18. Rb1 Bc5 19. Rf6 Qe8 20. Qxc3 Bb6 21. a4 d4 22. Qf3 Qxa4 23. Qd3 Qa2 24. Re1 Rhe8 25. Rxe8 Rxe8 26. h4 c6 27. Bf4+ Ka8 28. Qe4 Qb1+ 29. Kh2 Rh8 30. Qe7 Bc5 31. Rf8+ Rxf8 32. Qxc5 Rc8 33. Qd6 Qb6 34. h5 Qd8 35. Qe6 gxh5 36. Bg5 Qe8 37. Qd6 a6 38. Bf4 Rd8 39. Qc5 Qd7 40. Bg3 Qd5 41. Qb6 Qd7 42. f3 h4 43. Bxh4 Rg8 44. Bf2 Qd6+ 45. Kg1 Rd8 46. c3 c5 47. cxd4 Qxb6 48. g3 Qb1+ 0-1

[Event "Titled Tuesday intern op 20th Aug Early"]
[Site "Chess.com INT"]
[Date "2024.08.20"]
[Round "1"]
[White "Colville, Julian"]
[Black "Alonso Orta, Osiel Alberto"]
[Result "1-0"]
[WhiteElo "2067"]
[BlackElo "2036"]
[PlyCount "31"]
[EventDate "2024.08.20"]
[EventType "swiss (blitz)"]
[EventRounds "11"]
[EventCountry "USA"]
[SourceTitle "EXT 2025"]
[Source "ChessBase"]
[SourceDate "2024.10.14"]
[SourceVersion "1"]
[SourceVersionDate "2024.10.14"]
[SourceQuality "1"]

1. e4 c5 2. Nf3 d6 3. Bb5+ Nd7 4. a4 a6 5. Be2 Ngf6 6. Nc3 e6 7. 0-0 Be7 8. d4 cxd4 9. Qxd4 Qc7 10. Be3 0-0 11. a5 Nc5 12. b4 e5 13. Qc4 Be6 14. Nd5 Bxd5 15. exd5 e4 16. Nd4 1-0

[Event "Titled Tuesday intern op 20th Aug Late"]
[Site "Chess.com INT"]
[Date "2024.08.20"]
[Round "1"]
[White "Storey, Charles"]
[Black "Alonso Orta, Osiel Alberto"]
[Result "1-0"]
[WhiteElo "2159"]
[BlackElo "2036"]
[PlyCount "53"]
[EventDate "2024.08.20"]
[EventType "swiss (blitz)"]
[EventRounds "11"]
[EventCountry "USA"]
[SourceTitle "EXT 2025"]
[Source "ChessBase"]
[SourceDate "2024.10.14"]
[SourceVersion "1"]
[SourceVersionDate "2024.10.14"]
[SourceQuality "1"]

1. e4 c5 2. Nf3 d6 3. d4 cxd4 4. Nxd4 Nf6 5. f3 a6 6. c4 e5 7. Nc2 Be6 8. Nc3 Be7 9. Be3 Nbd7 10. Be2 Rc8 11. Nd5 Bxd5 12. exd5 b5 13. b3 Qa5+ 14. Qd2 Qxd2+ 15. Kxd2 bxc4 16. bxc4 0-0 17. Nb4 Bd8 18. Nc6 Nb8 19. Nxd8 Rfxd8 20. Rab1 Nbd7 21. Rb2 g6 22. Rhb1 Kg7 23. Rb7 Nc5 24. Ra7 Nfd7 25. f4 f6 26. Bxc5 Rxc5 27. Rbb7 1-0

[Event "Titled Tuesday intern op 20th Aug Late"]
[Site "Chess.com INT"]
[Date "2024.08.20"]
[Round "2"]
[White "Tworuszka, Michal"]
[Black "Alonso Orta, Osiel Alberto"]
[Result "1-0"]
[WhiteElo "2260"]
[BlackElo "2036"]
[PlyCount "27"]
[EventDate "2024.08.20"]
[EventType "swiss (blitz)"]
[EventRounds "11"]
[EventCountry "USA"]
[SourceTitle "EXT 2025"]
[Source "ChessBase"]
[SourceDate "2024.10.14"]
[SourceVersion "1"]
[SourceVersionDate "2024.10.14"]
[SourceQuality "1"]

1. e4 c5 2. Nf3 d6 3. d4 cxd4 4. Nxd4 Nf6 5. Nc3 a6 6. Be3 e6 7. g4 b5 8. g5 Nfd7 9. a3 Bb7 10. f4 Nc6 11. Qf3 Be7 12. 0-0-0 Nc5 13. Nxc6 Bxc6 14. Bxc5 1-0

[Event "Titled Tuesday intern op 30th Jul Late"]
[Site "Chess.com INT"]
[Date "2024.07.30"]
[Round "4"]
[White "Alonso Orta, Osiel Alberto"]
[Black "Brzezina, Piotr"]
[Result "0-1"]
[WhiteElo "2009"]
[BlackElo "2309"]
[PlyCount "54"]
[EventDate "2024.07.30"]
[EventType "swiss (blitz)"]
[EventRounds "11"]
[EventCountry "USA"]
[SourceTitle "EXT 2025"]
[Source "ChessBase"]
[SourceDate "2024.10.14"]
[SourceVersion "1"]
[SourceVersionDate "2024.10.14"]
[SourceQuality "1"]

1. e4 c5 2. Nf3 d6 3. d4 cxd4 4. Nxd4 Nf6 5. Nc3 a6 6. Bg5 e6 7. f4 Be7 8. Qf3 Qc7 9. 0-0-0 Nbd7 10. Bd3 b5 11. Rhe1 Bb7 12. Qh3 b4 13. Nd5 exd5 14. exd5 Kd8 15. Nf5 Bf8 16. Qe3 Qc5 17. Nd4 Kc7 18. Bf5 Re8 19. Qd3 Rxe1 20. Rxe1 g6 21. Be6 Bxd5 22. Bxd7 Nxd7 23. Re8 Bg7 24. Bd8+ Kb7 25. Nb3 Bxb3 26. Rxh8 Bxh8 27. axb3 Bf6 0-1

[Event "Titled Tuesday intern op 30th Jul Early"]
[Site "Chess.com INT"]
[Date "2024.07.30"]
[Round "6"]
[White "Alonso Orta, Osiel Alberto"]
[Black "Ronka, Erik"]
[Result "0-1"]
[WhiteElo "2009"]
[BlackElo "2305"]
[PlyCount "50"]
[EventDate "2024.07.30"]
[EventType "swiss (blitz)"]
[EventRounds "11"]
[EventCountry "USA"]
[SourceTitle "EXT 2025"]
[Source "ChessBase"]
[SourceDate "2024.10.14"]
[SourceVersion "1"]
[SourceVersionDate "2024.10.14"]
[SourceQuality "1"]

1. e4 c6 2. d4 d5 3. Nc3 dxe4 4. Nxe4 Bf5 5. Ng3 Bg6 6. h4 h6 7. Nf3 Nd7 8. h5 Bh7 9. Bd3 Bxd3 10. Qxd3 e6 11. Bf4 Qa5+ 12. c3 Ngf6 13. a3 Be7 14. 0-0-0 0-0 15. Ne5 c5 16. Ne4 cxd4 17. Nxd7 Nxd7 18. Qxd4 Rfd8 19. Qe3 Bxa3 20. bxa3 Qxa3+ 21. Kc2 Qa2+ 22. Kc1 Nb6 23. Qc5 Rdc8 24. Qb4 Nd5 25. Qb2 Qa4 0-1

[Event "Titled Tuesday intern op 30th Jul Early"]
[Site "Chess.com INT"]
[Date "2024.07.30"]
[Round "10"]
[White "Alonso Orta, Osiel Alberto"]
[Black "Stojanovski, Sandi"]
[Result "1-0"]
[WhiteElo "2009"]
[BlackElo "2169"]
[PlyCount "49"]
[EventDate "2024.07.30"]
[EventType "swiss (blitz)"]
[EventRounds "11"]
[EventCountry "USA"]
[SourceTitle "EXT 2025"]
[Source "ChessBase"]
[SourceDate "2024.10.14"]
[SourceVersion "1"]
[SourceVersionDate "2024.10.14"]
[SourceQuality "1"]

1. e4 d6 2. d4 Nf6 3. Nc3 g6 4. f4 Bg7 5. Nf3 0-0 6. Bd3 Nc6 7. e5 dxe5 8. fxe5 Nd5 9. 0-0 Nxc3 10. bxc3 Be6 11. Bg5 Na5 12. Qd2 c5 13. Qf4 cxd4 14. cxd4 Bc4 15. Qh4 Bxd3 16. Bxe7 Qd5 17. cxd3 Nc6 18. Bxf8 Rxf8 19. Rae1 Rd8 20. Re4 Qe6 21. Ng5 Qxa2 22. Qxh7+ Kf8 23. Rxf7+ Qxf7 24. Nxf7 Kxf7 25. Rf4+ 1-0

[Event "Titled Tuesday intern op 30th Jul Early"]
[Site "Chess.com INT"]
[Date "2024.07.30"]
[Round "4"]
[White "Anupam, M Sreekumar"]
[Black "Alonso Orta, Osiel Alberto"]
[Result "0-1"]
[WhiteElo "1934"]
[BlackElo "2009"]
[PlyCount "88"]
[EventDate "2024.07.30"]
[EventType "swiss (blitz)"]
[EventRounds "11"]
[EventCountry "USA"]
[SourceTitle "EXT 2025"]
[Source "ChessBase"]
[SourceDate "2024.10.14"]
[SourceVersion "1"]
[SourceVersionDate "2024.10.14"]
[SourceQuality "1"]

1. e4 e5 2. Nf3 Nf6 3. Nxe5 Nc6 4. Nxc6 dxc6 5. Nc3 Bc5 6. Bc4 Ng4 7. Qf3 Bxf2+ 8. Kf1 0-0 9. h3 Ne5 10. Qxf2 Nxc4 11. d3 Nd6 12. Bf4 Be6 13. Kg1 f5 14. e5 Nf7 15. Kh2 g5 16. Be3 Nxe5 17. Bd4 Qd6 18. g3 Qxd4 19. Qxd4 Nf3+ 20. Kg2 Nxd4 21. Rae1 f4 22. Re4 c5 23. Re5 f3+ 24. Kf2 h6 25. Rxc5 Rae8 26. Ne4 Bf5 27. c3 Bxe4 28. dxe4 Rxe4 29. cxd4 Re2+ 30. Kf1 Rxb2 31. Rc1 Rxa2 32. h4 g4 33. h5 Rd2 34. Rh4 Rxd4 35. Rxc7 Rd1+ 36. Kf2 Rd2+ 37. Kf1 f2 38. Rxg4+ Kh8 39. Rf4 Rxf4 40. gxf4 b5 41. Rxa7 b4 42. Rb7 Rb2 43. f5 b3 44. f6 Kg8 0-1

[Event "Titled Tuesday intern op 30th Jul Late"]
[Site "Chess.com INT"]
[Date "2024.07.30"]
[Round "8"]
[White "Fernandez, Maria Florencia"]
[Black "Alonso Orta, Osiel Alberto"]
[Result "1-0"]
[WhiteElo "2103"]
[BlackElo "2009"]
[PlyCount "43"]
[EventDate "2024.07.30"]
[EventType "swiss (blitz)"]
[EventRounds "11"]
[EventCountry "USA"]
[SourceTitle "EXT 2025"]
[Source "ChessBase"]
[SourceDate "2024.10.14"]
[SourceVersion "1"]
[SourceVersionDate "2024.10.14"]
[SourceQuality "1"]

1. d4 Nf6 2. c4 g6 3. Nc3 Bg7 4. e4 d6 5. Be2 0-0 6. Be3 e5 7. d5 Nh5 8. Bxh5 gxh5 9. Qxh5 f5 10. f3 f4 11. Bf2 Nd7 12. 0-0-0 Nb6 13. c5 Nc4 14. Nh3 h6 15. Bh4 Qd7 16. Rhg1 Ne3 17. Rd2 dxc5 18. g4 Qd6 19. g5 Kh7 20. gxh6 Bxh6 21. Ng5+ Kh8 22. Ne6 1-0

[Event "Titled Tuesday intern op 30th Jul Late"]
[Site "Chess.com INT"]
[Date "2024.07.30"]
[Round "5"]
[White "Zampronha, Wladimir Camilo"]
[Black "Alonso Orta, Osiel Alberto"]
[Result "1-0"]
[WhiteElo "2119"]
[BlackElo "2009"]
[PlyCount "249"]
[EventDate "2024.07.30"]
[EventType "swiss (blitz)"]
[EventRounds "11"]
[EventCountry "USA"]
[SourceTitle "EXT 2025"]
[Source "ChessBase"]
[SourceDate "2024.10.14"]
[SourceVersion "1"]
[SourceVersionDate "2024.10.14"]
[SourceQuality "1"]

1. e4 c5 2. Nf3 d6 3. d4 cxd4 4. Nxd4 Nf6 5. Nc3 a6 6. Bg5 e6 7. f4 Be7 8. Qf3 Qc7 9. 0-0-0 Nbd7 10. Bd3 b5 11. Rhe1 Bb7 12. Qg3 b4 13. Nd5 exd5 14. exd5 Kd8 15. Nc6+ Bxc6 16. dxc6 Nc5 17. Bc4 Nce4 18. Qe3 Nxg5 19. fxg5 Ng4 20. Qf4 h5 21. h4 Ra7 22. Bd5 Kc8 23. Kb1 Ne5 24. Qxb4 Qb8 25. Qd4 Rc7 26. Re3 Qa7 27. Qe4 Kb8 28. Rb3+ Ka8 29. Rb7 Rxb7 30. cxb7+ Kb8 31. Qf5 Qb6 32. Qe4 Rf8 33. Bb3 Ka7 34. a3 Qxb7 35. Qh7 Rb8 36. Qxh5 Qb6 37. Qe2 Nc4 38. Qxc4 Rb7 39. Qd5 Rc7 40. Qd2 Rb7 41. h5 d5 42. Qd4 Bc5 43. Qd3 a5 44. a4 Qb4 45. h6 d4 46. h7 Rb8 47. Qc4 Qxc4 48. Bxc4 Rh8 49. Bd3 g6 50. Rf1 Rxh7 51. Rf3 Be7 52. Rf4 Bxg5 53. Rxd4 Rh1+ 54. Ka2 Bf6 55. Rd7+ Kb6 56. Rxf7 Be5 57. Re7 Bd6 58. Re6 Kc5 59. Rxg6 Re1 60. Rg5+ Be5 61. Rh5 Kd6 62. g4 Rg1 63. Rh6+ Kc5 64. Ra6 Bc7 65. Re6 Rxg4 66. Re7 Rxa4+ 67. Kb1 Bd6 68. Re2 Rb4 69. c3 Rb3 70. Kc2 Rb6 71. Re4 Kc6 72. Rc4+ Kb7 73. Rg4 Ka7 74. Rg6 Bc5 75. Rg7+ Rb7 76. Rg5 Bb6 77. Rb5 Rc7 78. Rd5 Rc5 79. Rd7+ Rc7 80. Rd5 Rc5 81. Rd4 Rc7 82. Re4 Rc5 83. Re6 Rc7 84. Re2 Rc5 85. Rg2 Rc7 86. Kb3 Rc5 87. Bc4 Rc7 88. Rg6 Bc5 89. Bb5 Rb7 90. Ka4 Rb6 91. Rg7+ Rb7 92. Rg4 Bb6 93. b4 axb4 94. Kxb4 Rc7 95. c4 Bc5+ 96. Kb3 Bb6 97. Rg6 Bc5 98. Rg2 Bb6 99. Ra2+ Kb8 100. Kb4 Bc5+ 101. Kb3 Bb6 102. Ra6 Bc5 103. Re6 Ra7 104. Re8+ Kc7 105. Re6 Ra3+ 106. Kb2 Rd3 107. Rc6+ Kb7 108. Rxc5 Rd1 109. Rd5 Re1 110. Kc3 Rc1+ 111. Kb4 Rg1 112. Kc5 Rg7 113. Rf5 Rc7+ 114. Kb4 Kb6 115. Rd5 Rh7 116. Rd6+ Kc7 117. Rc6+ Kb7 118. Rg6 Rh1 119. c5 Rb1+ 120. Ka5 Ra1+ 121. Ba4 Kc7 122. Rg7+ Kc8 123. c6 Kb8 124. Kb6 Rb1+ 125. Bb5 1-0

[Event "Titled Tuesday intern op 09th Jul Early"]
[Site "Chess.com INT"]
[Date "2024.07.09"]
[Round "5"]
[White "Alonso Orta, Osiel Alberto"]
[Black "Da Silva, Lindolfo Luiz"]
[Result "1-0"]
[WhiteElo "2009"]
[BlackElo "2182"]
[PlyCount "49"]
[EventDate "2024.07.09"]
[EventType "swiss (blitz)"]
[EventRounds "11"]
[EventCountry "USA"]
[SourceTitle "EXT 2025"]
[Source "ChessBase"]
[SourceDate "2024.10.14"]
[SourceVersion "1"]
[SourceVersionDate "2024.10.14"]
[SourceQuality "1"]

1. e4 e5 2. Nf3 Nc6 3. Bc4 Bc5 4. b4 Bxb4 5. c3 Bc5 6. d4 exd4 7. cxd4 Bb4+ 8. Bd2 Bxd2+ 9. Nbxd2 d6 10. 0-0 Nf6 11. e5 dxe5 12. dxe5 Nd5 13. Ne4 Nce7 14. Qa4+ c6 15. Nd6+ Kf8 16. Ng5 Be6 17. Nxe6+ fxe6 18. Qa3 Kg8 19. Nxb7 Qf8 20. Qd6 Qf7 21. Nd8 Qf5 22. Nxe6 h6 23. Nc7 Rf8 24. Qxe7 Rf7 25. Nxd5 1-0

[Event "Titled Tuesday intern op 09th Jul Early"]
[Site "Chess.com INT"]
[Date "2024.07.09"]
[Round "9"]
[White "Alonso Orta, Osiel Alberto"]
[Black "Manteiga, Franco"]
[Result "0-1"]
[WhiteElo "2009"]
[BlackElo "2028"]
[PlyCount "90"]
[EventDate "2024.07.09"]
[EventType "swiss (blitz)"]
[EventRounds "11"]
[EventCountry "USA"]
[SourceTitle "EXT 2025"]
[Source "ChessBase"]
[SourceDate "2024.10.14"]
[SourceVersion "1"]
[SourceVersionDate "2024.10.14"]
[SourceQuality "1"]

1. e4 c5 2. Nf3 Nc6 3. Nc3 e5 4. Bc4 Be7 5. d3 d6 6. Nd5 Nf6 7. h3 Nxd5 8. Bxd5 0-0 9. g4 Kh8 10. c3 Be6 11. Qb3 Na5 12. Qc2 Bxd5 13. exd5 b5 14. c4 b4 15. a3 f5 16. g5 e4 17. Nh2 Bxg5 18. Bxg5 Qxg5 19. axb4 Qg2 20. 0-0-0 cxb4 21. b3 exd3 22. Qxd3 Qxf2 23. Rd2 Qc5 24. Nf3 Rae8 25. Nd4 f4 26. Ne6 Qe3 27. Nxf8 Nxb3+ 28. Kc2 Qxd2+ 29. Qxd2 Nxd2 30. Kxd2 Rxf8 31. Rf1 f3 32. Ke3 f2 33. Kd4 b3 34. Kc3 Rf3+ 35. Kb2 Kg8 36. h4 Kf7 37. h5 Ke7 38. Kb1 Kd7 39. Kb2 Kc7 40. Ka3 Kb6 41. Kb2 Kc5 42. h6 gxh6 43. Rh1 Kxc4 44. Rh4+ Kc5 45. Rh5 f1Q 0-1

[Event "Titled Tuesday intern op 09th Jul Early"]
[Site "Chess.com INT"]
[Date "2024.07.09"]
[Round "4"]
[White "Balla, Tamas Kristof"]
[Black "Alonso Orta, Osiel Alberto"]
[Result "1-0"]
[WhiteElo "2302"]
[BlackElo "2009"]
[PlyCount "45"]
[EventDate "2024.07.09"]
[EventType "swiss (blitz)"]
[EventRounds "11"]
[EventCountry "USA"]
[SourceTitle "EXT 2025"]
[Source "ChessBase"]
[SourceDate "2024.10.14"]
[SourceVersion "1"]
[SourceVersionDate "2024.10.14"]
[SourceQuality "1"]

1. e4 c5 2. c3 d5 3. exd5 Qxd5 4. d4 Nc6 5. Nf3 Bg4 6. Be2 0-0-0 7. c4 Qh5 8. d5 Ne5 9. Nbd2 Nf6 10. 0-0 Nxf3+ 11. Nxf3 e6 12. Qa4 Bd6 13. Rd1 Bxf3 14. Bxf3 Qxh2+ 15. Kf1 exd5 16. Be3 Kb8 17. cxd5 Rhe8 18. b4 Bf4 19. bxc5 Bxe3 20. fxe3 Rxe3 21. c6 Re7 22. Rab1 Qd6 23. cxb7 1-0

[Event "Titled Tuesday intern op 09th Jul Late"]
[Site "Chess.com INT"]
[Date "2024.07.09"]
[Round "4"]
[White "Minina, Veronika"]
[Black "Alonso Orta, Osiel Alberto"]
[Result "0-1"]
[WhiteElo "2057"]
[BlackElo "2009"]
[PlyCount "102"]
[EventDate "2024.07.09"]
[EventType "swiss (blitz)"]
[EventRounds "11"]
[EventCountry "USA"]
[SourceTitle "EXT 2025"]
[Source "ChessBase"]
[SourceDate "2024.10.14"]
[SourceVersion "1"]
[SourceVersionDate "2024.10.14"]
[SourceQuality "1"]

1. Nf3 Nf6 2. g3 g6 3. Bg2 Bg7 4. 0-0 0-0 5. c4 d6 6. d4 Nbd7 7. Nc3 e5 8. e3 c6 9. b3 e4 10. Nd2 d5 11. Bb2 Nb6 12. f3 exf3 13. Qxf3 Bf5 14. Rae1 Bd3 15. Rf2 dxc4 16. Nce4 Nxe4 17. Nxe4 cxb3 18. axb3 Qd5 19. Nf6+ Bxf6 20. Qxf6 Qe6 21. Qh4 f5 22. Qh6 Nd5 23. Ba3 Rfe8 24. g4 Nxe3 25. gxf5 Nxf5 26. Rxe6 Nxh6 27. Ref6 Ng4 28. d5 Nxf2 29. Kxf2 cxd5 30. Bxd5+ Kg7 31. Rf3 Bf5 32. Bb2+ Kf8 33. Kg3 Rad8 34. Bc4 a6 35. Ba3+ Kg7 36. Bb2+ Kf8 37. Bc3 b5 38. Be2 Rxe2 39. Bf6 Rd3 40. Bg5 Rxf3+ 41. Kxf3 Rb2 42. Kf4 Rxb3 43. Ke5 a5 44. Kf6 a4 45. Bh6+ Ke8 46. Bg5 a3 47. Bh6 a2 48. Kg7 a1Q+ 49. Kxh7 Rc3 50. Bg7 Rc7 51. Kh8 Qxg7# 0-1

[Event "Titled Tuesday intern op 25th Jun Late"]
[Site "Chess.com INT"]
[Date "2024.06.25"]
[Round "7"]
[White "Alonso Orta, Osiel Alberto"]
[Black "Caku, Kler"]
[Result "0-1"]
[WhiteElo "2009"]
[BlackElo "1787"]
[PlyCount "88"]
[EventDate "2024.06.25"]
[EventType "swiss (blitz)"]
[EventRounds "11"]
[EventCountry "USA"]
[SourceTitle "EXT 2025"]
[Source "ChessBase"]
[SourceDate "2024.10.14"]
[SourceVersion "1"]
[SourceVersionDate "2024.10.14"]
[SourceQuality "1"]

1. e4 e5 2. Nf3 Nc6 3. d4 exd4 4. Bc4 Be7 5. 0-0 d6 6. Nxd4 Nf6 7. Nc3 0-0 8. Bg5 a6 9. f4 h6 10. Bh4 Nxe4 11. Nxe4 Bxh4 12. Bd5 Ne7 13. Bb3 Nf5 14. Nf3 Bf6 15. Qd3 Nh4 16. Nxh4 Bxh4 17. f5 Bf6 18. c3 Bd7 19. Rae1 Bc6 20. Ng3 Be5 21. Nh5 Qg5 22. Qh3 Bxg2 23. Qxg2 Qxh5 24. f6 g6 25. Re3 Rfe8 26. Re4 Bxh2+ 27. Kh1 Rxe4 28. Qxe4 Be5+ 29. Kg2 Qh2+ 30. Kf3 Qg3+ 31. Ke2 h5 32. Rf3 Qg4 33. Qxb7 Re8 34. Kd3 Bf4 35. Qd5 Rf8 36. Qe4 Be5 37. Qd5 Qd7 38. Qe4 Kh7 39. Kc2 Qg4 40. Qd3 Qg2+ 41. Qd2 Qxf3 42. Bd5 Qf5+ 43. Kb3 Bf4 44. Qd3 Qxd3 0-1

[Event "Titled Tuesday intern op 18th Jun Late"]
[Site "Chess.com INT"]
[Date "2024.06.18"]
[Round "3"]
[White "Alonso Orta, Osiel Alberto"]
[Black "Arutla, Aditya"]
[Result "0-1"]
[WhiteElo "2009"]
[BlackElo "2243"]
[PlyCount "88"]
[EventDate "2024.06.18"]
[EventType "swiss (blitz)"]
[EventRounds "11"]
[EventCountry "USA"]
[SourceTitle "EXT 2025"]
[Source "ChessBase"]
[SourceDate "2024.10.14"]
[SourceVersion "1"]
[SourceVersionDate "2024.10.14"]
[SourceQuality "1"]

1. e4 c5 2. Nf3 Nc6 3. d4 cxd4 4. Nxd4 Nf6 5. Nc3 e5 6. Ndb5 d6 7. Nd5 Nxd5 8. exd5 Ne7 9. c4 Ng6 10. Be3 f5 11. Bd3 Be7 12. Qc2 0-0 13. 0-0-0 e4 14. Be2 a6 15. Nc3 Bg5 16. g3 Bxe3+ 17. fxe3 Qg5 18. Qd2 Bd7 19. Qd4 b5 20. h4 Qxg3 21. Rdg1 Qe5 22. Qxe5 Nxe5 23. cxb5 axb5 24. Nxb5 Bxb5 25. Bxb5 Rxa2 26. Kb1 Ra5 27. Bc6 Rb8 28. Rg2 Nc4 29. Rhg1 Ra7 30. Re2 Ne5 31. Reg2 Ng4 32. Rg3 Ra3 33. Re1 Rab3 34. h5 Rxb2+ 35. Kc1 Rh2 36. Bd7 Ra8 37. Kb1 Rb8+ 38. Kc1 Nf2 39. Be6+ Kh8 40. Re2 Nd3+ 41. Kd2 Rb2+ 42. Kc3 Rhxe2 43. h6 Rec2+ 44. Kd4 Rb4# 0-1

[Event "Titled Tuesday intern op 04th Jun Late"]
[Site "Chess.com INT"]
[Date "2024.06.04"]
[Round "4"]
[White "Kusakina, Uliana"]
[Black "Alonso Orta, Osiel Alberto"]
[Result "0-1"]
[WhiteElo "1751"]
[BlackElo "2009"]
[PlyCount "118"]
[EventDate "2024.06.04"]
[EventType "swiss (blitz)"]
[EventRounds "11"]
[EventCountry "USA"]
[SourceTitle "EXT 2025"]
[Source "ChessBase"]
[SourceDate "2024.10.14"]
[SourceVersion "1"]
[SourceVersionDate "2024.10.14"]
[SourceQuality "1"]

1. d4 Nf6 2. c4 g6 3. Nc3 Bg7 4. e4 d6 5. Nf3 0-0 6. Be3 e5 7. d5 h6 8. h4 Nh5 9. Be2 Nf4 10. Bxf4 exf4 11. Qd2 Qf6 12. g3 fxg3 13. fxg3 Bg4 14. Rf1 Qe7 15. Qd3 Nd7 16. Nd4 Nc5 17. Qe3 Bxe2 18. Ndxe2 Rae8 19. Kd2 Nxe4+ 20. Nxe4 Qxe4 21. Qxe4 Rxe4 22. Rf4 Rfe8 23. Rxe4 Rxe4 24. Kd3 f5 25. Rb1 Kf7 26. b3 Be5 27. Rf1 Rg4 28. Rf3 Kf6 29. Ke3 g5 30. hxg5+ hxg5 31. Kd3 f4 32. gxf4 gxf4 33. Ke4 Kg5 34. Nd4 Bxd4 35. Kxd4 Rg3 36. Rf1 Kg4 37. Ke4 f3 38. Ke3 Rh3 39. Rg1+ Rg3 40. Rf1 a5 41. Rf2 b6 42. Rf1 Rh3 43. Rg1+ Rg3 44. Rf1 f2+ 45. Kxf2 Rf3+ 46. Ke2 Rxf1 47. Kxf1 Kf3 48. Ke1 Ke3 49. Kd1 Kd3 50. Kc1 Kc3 51. Kb1 a4 52. bxa4 Kxc4 53. Kc2 Kxd5 54. Kc3 Kc5 55. a3 d5 56. Kd3 d4 57. Kd2 Kc4 58. Kc2 d3+ 59. Kd2 Kd4 0-1

[Event "Titled Tuesday intern op 04th Jun Late"]
[Site "Chess.com INT"]
[Date "2024.06.04"]
[Round "2"]
[White "Merino Garcia, Rafael"]
[Black "Alonso Orta, Osiel Alberto"]
[Result "1-0"]
[WhiteElo "2382"]
[BlackElo "2009"]
[PlyCount "63"]
[EventDate "2024.06.04"]
[EventType "swiss (blitz)"]
[EventRounds "11"]
[EventCountry "USA"]
[SourceTitle "EXT 2025"]
[Source "ChessBase"]
[SourceDate "2024.10.14"]
[SourceVersion "1"]
[SourceVersionDate "2024.10.14"]
[SourceQuality "1"]

1. d4 Nf6 2. Nf3 g6 3. Bf4 Bg7 4. e3 d6 5. h3 0-0 6. Be2 Nbd7 7. 0-0 c5 8. c4 b6 9. Nc3 Bb7 10. d5 a6 11. a4 Ne8 12. e4 Ne5 13. Nxe5 dxe5 14. Be3 Nd6 15. a5 f5 16. axb6 Qxb6 17. Na4 Qc7 18. Nxc5 Bc8 19. b4 fxe4 20. Qc2 Bf5 21. g4 Bc8 22. Nxe4 Nxe4 23. Qxe4 Rb8 24. c5 Bb7 25. Bxa6 Bxa6 26. Rxa6 Qb7 27. Rb6 Qa8 28. Rxb8 Rxb8 29. Rb1 e6 30. c6 exd5 31. Qxd5+ Kh8 32. c7 1-0